Monologue Song (La La La) - Taylor Swift (All Lyrics) - Statistics

General Stats
  • This quiz has been taken 17 times
  • The average score is 228 of 268
Answer Stats
Lyrics % Correct
But
100%
go
100%
I
100%
I'm
100%
In
100%
in
100%
La
100%
la
100%
la,
100%
me
100%
monologue
100%
my
100%
on
100%
say
100%
that
100%
That
100%
The
100%
the
100%
who
100%
is
91%
like
91%
not
91%
so
91%
This
91%
this
91%
to
91%
up
91%
with
91%
about
82%
and
82%
And
82%
broke
82%
cheat
82%
going
82%
got
82%
ha
82%
Ha
82%
ha,
82%
he
82%
Joe
82%
Joe!
82%
musical
82%
songs
82%
they're
82%
writing
82%
bags
73%
Be
73%
be
73%
guy
73%
Hey
73%
(Hi
73%
him
73%
I've
73%
phone
73%
SNL
73%
talk
73%
was
73%
You
73%
ashamed
64%
baking
64%
doing
64%
douche
64%
dresses
64%
glitter
64%
how
64%
Kanye
64%
mention
64%
might
64%
names
64%
public
64%
security
64%
smell
64%
sparkly
64%
stage
64%
their
64%
well
64%
winter
64%
you're
64%
bring
55%
comment
55%
from
55%
I'd
55%
if
55%
into
55%
lining
55%
real
55%
things
55%
think
55%
VMA
55%
bad
45%
'Cause
45%
dating
45%
everything's
45%
expecting
45%
hosting
45%
more
45%
okay
45%
ran
45%
ruined
45%
Something
45%
Taylor)
45%
Tonight
45%
Twilight
45%
werewolf
45%
wondering
45%
brag
36%
nothing
36%
there's
36%
No matching quizzes found
Score Distribution
Percent of People with Each Score
Percentile by Number Answered
Your Score History
You have not taken this quiz